00542nam a2200193Ia 450000500170000000800410001702000150005808200130007310000190008624500220010526000560012730000120018365000100019565000150020565000120022094200060023295200950023899900150033320240830060333.0240331s9999 xx 000 0 und d a9559540904 bGUNa792 aGunawardana, D 4aThe Gajaman story aDehiwalabSridevi Printers ( Private) Limitedc1991 a65 p ., aDrama aLiterature ahistory cL 001040708LaWERCLbWERCLcSSCd2024-03-31l0o 792 GUNp2289r2024-03-31w2024-03-31yL c3085d3085